| 000 | 00569nam a2200193Ia 4500 | ||
|---|---|---|---|
| 999 |
_c33759 _d33759 |
||
| 003 | OSt | ||
| 005 | 20200918145424.0 | ||
| 008 | 190216s9999||||xx |||||||||||||| ||und|| | ||
| 020 | _a9788173193699 | ||
| 040 | _coclc | ||
| 082 |
_a530.143 _bLAH/F |
||
| 100 |
_aLahiri, Amitabha _94763 |
||
| 245 | 0 |
_aA First Look Of Quantum Field Theory / _c Amitabha Lahiri ; Palash B Pal |
|
| 250 | _a1st Ed. | ||
| 260 |
_bNarosa Publishing, _c2001. _aNew Delhi: |
||
| 300 | _a371p | ||
| 650 | _aPhysics | ||
| 942 |
_cBK _2ddc _h530.143 _iLAH/F _k530.143 _mLAH/F |
||